| 000 | 00358nam a22001457a 4500 | ||
|---|---|---|---|
| 999 |
_c533939 _d533939 |
||
| 003 | NUST | ||
| 020 |
_a9694022606 _qH/B. |
||
| 038 | _awaseem | ||
| 082 |
_a339.46095491 _bHUS |
||
| 100 |
_aHussain, Akmal _910504 |
||
| 245 |
_aPoverty Alleviation in Pakistan / _cAkmal Hussain |
||
| 260 |
_aLahore : _bVanguard, _c1994. |
||
| 300 | _a140 p. | ||
| 942 |
_2ddc _cBK |
||